000 01700nam a2200373 c 4500
003 BLK
005 20240709132019.0
008 180409b bul|||||r ||||||| ||bul||
010 _aKNG00142130000
020 _a978-954-761-493-2
_bиздат.: ИнфоДар - на том(кн. 1, т. 2)
040 _aBLK
041 _aBUL
_cBUL
072 7 _2bullib
_aН83
_xЧужда художествена литература Н
080 _aАнглоканадска литература
_b821.111(71)
_x-312.9
_z821.111(71)-312.9
100 1 _aБакър, Р. Скот
_eпърви автор
_935704
700 1 _aЦанев, Симеон Димитров
_eпрев. от англ.
_9373118
139 _aБакър, Р. Скот
_bБ 17
245 1 0 _aПринц на нищото
_bКн. 1 -
_cР. Скот Бакър; прев. от англ. Симеон Димитров Цанев.
_nКн. 1. Т. 2
_pТъмнината, която предхожда
257 _aCAN
260 София
_c2011 -
_fСофия : Симолини
300 _c20 см
380 _aX
500 _aОриг. загл. The Prince of Nothing / R. Scott Bakker.
653 _aфентъзи
653 _aромани
659 _aН
760 1 _3- на том(кн. 1, т. 2)
_aБакър, Р. Скот
_dИнфоДар, 2011
_h340 с.
_nОриг. загл. The Darkness that Comes Before.
_tКн. 1. Т. 2 Тъмнината, която предхожда
852 _aЦб 259319
856 4 _qpdf
_u
856 4 _qpdf
_u
942 _cKNG
_n0
_06
944 _aCR
_c17.04.2013
_lМинев Младен
_k30530
944 _aED
_c29.12.2016
_lф /
_kЛюдмила_Стоянова
999 _c136193
_d136193